000 00219nam a22000857a 4500
008 160804b xxu||||| |||| 00| 0 eng d
100 _934
_aJha S.N
245 _aAutomobile Technology
260 _aNew Delhi
_bGoya Brothers
_c2013
999 _c2685
_d2685